00283nam a2200097Ia 4500008004100000100002300041245005300064260004200117260000900159999001700168170620s9999 xx 000 0 und d aPrabhakaram- K. S. 0aConcept Attainment Model in Mathematics Teaching bNew Delhi- Discovery Publishing House c2003 c24310d24310